Normal view MARC view

Entry Personal Name

Number of records used in: 1

001 - CONTROL NUMBER

  • control field: 1573

003 - CONTROL NUMBER IDENTIFIER

  • control field: DLC

005 - DATE AND TIME OF LATEST TRANSACTION

  • control field: 20200127102042.0

008 - FIXED-LENGTH DATA ELEMENTS

  • fixed length control field: 820713n| azannaabn |a aaa |||

010 ## - LIBRARY OF CONGRESS CONTROL NUMBER

  • LC control number: n 82092594
  • Canceled/invalid LC control number: n 82116226

035 ## - SYSTEM CONTROL NUMBER

  • System control number: (CaEvSKY)skya1860268

040 ## - CATALOGING SOURCE

  • Original cataloging agency: DLC
  • Language of cataloging: eng
  • Description conventions: rda
  • Transcribing agency: DLC
  • Modifying agency: DLC
  • Modifying agency: MX-MoT

046 ## - SPECIAL CODED DATES

  • Birth date: 1947-11-16
  • Source of date scheme: edtf

100 1# - HEADING--PERSONAL NAME

  • Personal name: Robinson, Richard B.
  • Fuller form of name: (Richard Braden),
  • Dates associated with a name: 1947-

373 ## - ASSOCIATED GROUP

  • Associated group: University of South Carolina
  • Source of term: naf

375 ## - GENDER

  • Gender: Males
  • Source of term: lcdgt

377 ## - ASSOCIATED LANGUAGE

  • Language code: eng

378 ## - FULLER FORM OF PERSONAL NAME

  • Fuller form of personal name: Richard Braden

400 1# - SEE FROM TRACING--PERSONAL NAME

  • Personal name: Robinson, Richard,
  • Dates associated with a name: 1947-

400 1# - SEE FROM TRACING--PERSONAL NAME

  • Personal name: Robinson, Richard Braden,
  • Dates associated with a name: 1947-

670 ## - SOURCE DATA FOUND

  • Source citation: Pearce, J.A. Strategic management, 1982 (a.e.)
  • Information found: t.p. (Richard B. Robinson, Jr., Univ. of South Carolina) pref. (signed: Richard Robinson)

670 ## - SOURCE DATA FOUND

  • Source citation: Phone call to Richard B. Robinson, 6/17/82
  • Information found: (Richard Braden Robinson; b. 11/16/47)

Powered by Koha